| LEADER | 00665nam a2200169 4500 | ||
|---|---|---|---|
| 082 | |a 420 |b L105g | ||
| 100 | |a Fromkin,Victoria | ||
| 245 | |a Language |c Victoria Fromkin, Robert Rodman, Peter Collins, David Blair |b An introduction to | ||
| 250 | |a second austalia edition | ||
| 260 | |a Tp. Hồ Chí Minh |b Trường ĐH tổng hợp Tp. Hồ Chí Minh |c 1998 | ||
| 300 | |a 445 tr. |c 23 cm. | ||
| 520 | |a v.v... | ||
| 653 | |a Ngôn ngữ | ||
| 653 | |a Tiếng Anh | ||
| 942 | |2 ddc |c SH | ||
| 999 | |c 4016 |d 4016 | ||
| 952 | |0 0 |1 0 |2 ddc |4 0 |6 420_000000000000000_L105G |7 0 |8 400 |9 41139 |a qbu |b qbu |c D4 |d 2014-12-18 |g 88000 |o 420 L105g |p 3046.c1 |r 0000-00-00 |w 2014-12-18 |y SH |0 0 |6 420_000000000000000_L105G | ||